[Event "Imperia op 29th"]
[Site "Imperia"]
[Date "1987.09.09"]
[Round "4.18"]
[White "Berndt, Alex"]
[Black "Abdel Monem, Salah"]
[Result "1-0"]
[WhiteElo "2000"]
[BlackElo "1961"]
[PlyCount "85"]
[EventDate "1987.09.06"]
[EventType "swiss"]
[EventRounds "8"]
[EventCountry "ITA"]
[SourceTitle "EXT 2023"]
[Source "ChessBase"]
[SourceDate "2022.10.05"]
[SourceVersion "1"]
[SourceVersionDate "2022.10.05"]
[SourceQuality "1"]

1. e4 e5 2. Nf3 Nc6 3. c3 Qf6 4. d4 exd4 5. cxd4 Bb4+ 6. Nc3 Nge7 7. e5 Qg6 8. Ng5 d5 9. Bd3 Bf5 10. Be2 Bc2 11. Qd2 h6 12. Nf3 Bf5 13. 0-0 Qe6 14. Nh4 Bg4 15. f3 Bh5 16. g4 g5 17. Ng2 Bg6 18. f4 Be4 19. f5 Qd7 20. Qe3 Bxg2 21. Kxg2 0-0-0 22. Bd2 Ba5 23. Bf3 Bb6 24. Ne2 Rde8 25. Bc3 Rhg8 26. Ng3 Rh8 27. Qd2 Kb8 28. Nh5 Ng8 29. a4 a6 30. b4 Nd8 31. Qa2 c6 32. Rfb1 Qc7 33. Qa3 f6 34. e6 a5 35. Qb2 axb4 36. Bxb4 Nxe6 37. fxe6 Rxe6 38. a5 Ba7 39. Bc5 Bxc5 40. dxc5 Ne7 41. a6 b5 42. cxb6 Qd6 43. b7 1-0